| 000 | 00704nam a2200217Ia 4500 | ||
|---|---|---|---|
| 999 |
_c41628 _d41628 |
||
| 001 | 8297 | ||
| 003 | GE_BSU | ||
| 005 | 20240429123219.0 | ||
| 008 | 181216s2012||||ru |||||||||||||| ||rus|| | ||
| 020 | _a9785459009682 | ||
| 040 | _cGE_BSU | ||
| 080 | _a159.964.2(042.4) Ф-86 | ||
| 100 |
_aФрейд, Зигмунд _920688 |
||
| 245 |
_aВведение в психоанализ : _bЛекции / _cЗигмунд Фрейд ; Ред. П. Алесов. |
||
| 264 |
_aСанкт-Петербург : _c2012. |
||
| 300 |
_a384 стр. ; _c24см. |
||
| 440 |
_aМастера психологи _921977 |
||
| 541 | _h20л. | ||
| 653 | _aВведение в психоанализ | ||
| 942 |
_cBK _2udc |
||